Random flags quiz 2 - Statistics

General Stats
  • This quiz has been taken 17 times
  • The average score is 15 of 16
Answer Stats
Picture Answer % Correct
China
100%
Iceland
100%
Iran
100%
Kazakhstan
100%
New Zealand
100%
North Macedonia
100%
Spain
100%
Antigua and Barbuda
93%
Botswana
93%
Cambodia
93%
Dominica
93%
Fiji
93%
Paraguay
93%
Uganda
93%
Tunisia
87%
Equatorial Guinea
80%
No matching quizzes found
Score Distribution
Percent of People with Each Score
Percentile by Number Answered
Your Score History
You have not taken this quiz